| 000 | 01001cam a2200157 4500500 | ||
|---|---|---|---|
| 005 | 20251214032301.0 | ||
| 041 | _afre | ||
| 042 | _adc | ||
| 100 | 1 | 0 |
_aPregno, Gilbert _eauthor |
| 245 | 0 | 0 | _aBack matter |
| 260 | _c2025. | ||
| 500 | _a32 | ||
| 520 | _aAccording to the old saying, “The shoemaker’s children always go barefoot.” Can the same be said of systemic practitioners — specialists in relationships, life cycles, and change? At a time when the pioneers of systemic practice in Europe are faced with passing on their legacy and institutions, the CERAS (family therapy and systemic research center) in Grenoble, founded in 1980, has opted for a new set up and a change of team. A member of the new team, now based in the Nouvelle-Aquitaine region, reflects on this successful handover. | ||
| 786 | 0 | _nThérapie Familiale | 46 | 3 | 2025-06-20 | p. 252-254 | 0250-4952 | |
| 856 | 4 | 1 | _uhttps://shs.cairn.info/journal-therapie-familiale-2025-3-page-252?lang=en&redirect-ssocas=7080 |
| 999 |
_c1575207 _d1575207 |
||